00412cam a2200169ua 45000010005000000080039000050400009000440410008000530820008000611000029000692450037000982500009001352600032001443000010001766530036001866530020002227934150102n ii |||gr||||Z||||||hin cMAIN ahin a920 aJain, A.K.,dq,eAuthor.1 aJail se jaslok-takcBy A.K. Jain a1st. aNew Delhi:bPanjabi,c1977. a132p. aBiography, genealogy & insignia aHindi biography